LEADER 00726nam0-22002651i-450 001 990001733430403321 005 20201214122513.0 035 $a000173343 035 $aFED01000173343 035 $a(Aleph)000173343FED01 035 $a000173343 100 $a20030910d1980----km-y0itay50------ba 101 0 $aita 200 1 $aAlimenti, foraggi, mangimi$enote sul controllo di qualità 210 $aMilano$cSegreteria Simposi PBI$d1980 215 $a109 p.$d25 cm 610 0 $aAlimenti$aAnalisi 676 $a664.07 801 0$aIT$bUNINA$gRICA$2UNIMARC 901 $aBK 912 $a990001733430403321 952 $a60 664 B 45$b48325$fFAGBC 959 $aFAGBC 996 $aAlimenti foraggi, mangimi$9364954 997 $aUNINA LEADER 01542oas 22004332 450 001 9910891590903321 005 20260218112157.0 011 0 $a1997-8936 024 7 $a10.1787/19978936 035 $a(CKB)2590000000003084 035 $a(FR-PaOEC)19978936 035 $a(DE-599)ZDB2693677-X 035 $a(NjHacI)992590000000003084 035 $a(DE-599)2693677-X 035 $a(EXLCZ)992590000000003084 100 $a20171201b2007||| |y g 101 0 $aeng 135 $aur||#|||||n|| 181 $ctxt$2rdacontent 182 $cc$2rdamedia 183 $acr$2rdacarrier 200 10$aOECD Reviews of Tertiary Education /$fOrganisation for Economic Co-operation and Development 210 $aParis $cOECD Publishing 210 1$aParis :$cOECD Publishing,$d2007. 215 $a1 online resource 225 1 $aOECD Reviews of Tertiary Education 330 3 $aThis series of comprehensive, country-specific reviews of tertiary education take a detailed look at the policies and institutions in each subject country and make a series of recommendations for improvements. 410 0$aOECD Reviews of Tertiary Education 606 $aEducation$xStandards 606 $aEducation$xDecision making 615 0$aEducation$xStandards. 615 0$aEducation$xDecision making. 676 $a379.158 712 02$aOrganisation for Economic Co-Operation and Development 801 0$bFR-PaOEC 906 $aJOURNAL 912 $a9910891590903321 996 $aOECD Reviews of Tertiary Education$94257045 997 $aUNINA